| 000 | 01865nam0a2200337 4500 | ||
|---|---|---|---|
| 001 | RU\NLR\bibl\57825 | ||
| 005 | 20260407050503.0 | ||
| 021 |
_aRU _b98-48482 _92339 |
||
| 035 | _a(NLR Aleph) 000056383 | ||
| 090 |
_a304935 _c304935 |
||
| 100 | _a19991110d1998 |||y0rusy50 ca | ||
| 101 | 0 | _arus | |
| 102 | _aRU | ||
| 105 | _aa ||||||||| | ||
| 200 | 1 |
_aПрогнозно-поисковая геохимия на рубеже XXI века _eСб. науч. ст. _fМежвед. совет по науч. основам геохим. методов поисков месторождений полез. ископаемых и др. _g[Отв. ред. Э.К. Буренков] |
|
| 210 |
_aМ. _cИМГРЭ _d1998 |
||
| 215 |
_a118 с. _cил. _d26 |
||
| 300 | _aВ надзаг. также: Ин-т минералогии, геохимии и кристаллохимии ред. элементов, МГУ им. М.В. Ломоносова. Геол. фак. Каф. геохимии | ||
| 320 | _aБиблиогр. в конце ст. | ||
| 600 | 1 |
_aСоловов _bА.П. _f1908 - 1993 _gАлександр Петрович _92125739 _3RU\NLR\auth\661283123 |
|
| 606 | 0 |
_aГеологические разведки _jСборники _xГеохимические методы _91155601 _3RU\NLR\auth\66143614 |
|
| 686 | _aД443.51я43 | ||
| 686 | _aД3д(2)Соловов | ||
| 702 | 1 |
_aБуренков _bЭ. К. _4340 |
|
| 712 | 0 | 2 |
_4570 _aМеждуведомственный совет по проблеме "Научные основы геохимических методов поисков месторождений полезных ископаемых" _cМосква _9536915 _3RU\NLR\AUTH\8810019513 |
| 801 | 0 |
_aRU _bNLR _c19991110 _gPSBO |
|
| 801 | 1 |
_aRU _bNLR _c19991110 |
|
| 852 |
_aNLR _j99-7/2090 |
||
| 942 | _cBOOK | ||
| 980 | _aNB | ||